Protokol a etiketa v diplomacii a obchode

Salvato in:
Dettagli Bibliografici
Autore principale: Tóth, Ľudovít
Natura: Libro
Lingua:slovacco
Pubblicazione: [S.l.] THB 1994
Soggetti:
Tags: Aggiungi Tag
Nessun Tag, puoi essere il primo ad aggiungerne!!

MARC

LEADER 00000nam a2200000 4500
001 c005753
005 20221123110118.2
020 |a 80-967166-6-2 
041 0 |a slo 
044 |a SK 
245 1 0 |a Protokol a etiketa v diplomacii a obchode  |c Ľudovít Tóth 
264 1 |a [S.l.]  |b THB  |c 1994 
300 |a 147 s. 
610 2 0 |a diplomacia 
610 2 0 |a etiketa 
610 2 0 |a predpisy 
610 2 0 |a obchod zahraničný 
610 2 0 |a právo medzinárodné 
610 2 0 |a Viedenský dohovor 
100 1 |a Tóth, Ľudovít